| 000 | 00752nam a2200265Ia 4500 | ||
|---|---|---|---|
| 003 | OSt | ||
| 005 | 20220928113159.0 | ||
| 006 | a|||||r|||| 00| 0 | ||
| 007 | ta | ||
| 008 | 220927b |||||||| |||| 00| 0 eng d | ||
| 024 | _a29005 | ||
| 037 | _cTextual | ||
| 040 |
_aSDCL _cSDCL _beng |
||
| 041 |
_2eng _aeng |
||
| 082 | _aX9, P5 | ||
| 100 |
_aAllen W Bruce _9431841 |
||
| 245 | 0 |
_aManagerial economics _b Theory,applications and cases |
|
| 250 | _a6 | ||
| 260 |
_aNew York _b W W Norton & Co. _c2005 |
||
| 300 |
_avarious/pagenation _ccm. |
||
| 700 |
_a Doherty Neil A _9431842 |
||
| 700 |
_a Weigelt Keith _9431843 |
||
| 942 |
_hX9, P5 _cTEXL _2CC |
||
| 999 |
_c748390 _d748390 |
||